| 000 | 00747nam a22002537a 4500 | ||
|---|---|---|---|
| 005 | 20170123162321.0 | ||
| 010 | _a154823 | ||
| 020 | _c00.00 | ||
| 035 | _a841592 | ||
| 037 | _bCen Lib/Ret | ||
| 040 |
_aDPL _bUR |
||
| 082 |
_a841 _bش ف ق |
||
| 100 |
_aشفقت کاظی _9117412 |
||
| 245 |
_aحسرت کدہ / _cشفقت کاظی |
||
| 246 |
_aHasrat kada / _bby Shafaqat kazi |
||
| 260 |
_aلاہور _bآئنہ ادب _c[s.n.] |
||
| 270 |
_bلاہور _aچوک انارکلی |
||
| 300 |
_a176p. _c17cm(Hb) |
||
| 650 |
_a ادب - اردو _9117413 |
||
| 650 |
_a اردو شاعری _9462 |
||
| 650 |
_aLiterature -- Urdu _9117414 |
||
| 650 |
_aUrdu poetry _9117415 |
||
| 942 |
_2ddc _cUR _h841 _mش ف ق |
||
| 999 |
_c107133 _d107133 |
||